[Event "Let's Play Chess!"]
[Site "http://www.queenalice.com/game.php?id=152462"]
[Date "2007.1.10"]
[Round "-"]
[White "christianfp"]
[Black "mbubi"]
[Result "1/2-1/2"]
[WhiteElo "1354"]
[BlackElo "1705"]

1. Nf3 d5 2. e3 Nf6 3. Ne5 Nbd7 4. Nxd7 Bxd7 5. Nc3 g6 6. a4 Bg7 7. Ra3 O-O 8.
Nb5 a6 9. Nd4 e5 10. Nf3 e4 11. Ne5 Be6 12. Rb3 Rb8 13. f4 d4 14. Rb4 dxe3 15.
dxe3 Qxd1+ 16. Kxd1 c5 17. Rb6 Rfd8+ 18. Bd2 Nd5 19. Rb3 Nb4 20. Bc4 Bxc4 21.
Nxc4 b5 22. axb5 axb5 23. Ne5 Rb6 24. c4 bxc4 25. Nxc4 Rbb8 26. g4 Ra8 27. Ra3
Nd3 28. Rf1 Rab8 29. b3 Rd7 30. Ke2 Rdb7 31. Rb1 h6 32. h4 Bf8 1/2-1/2

[Event "AUTO-OPEN-513"]
[Site "http://www.queenalice.com/game.php?id=152725"]
[Date "2007.1.11"]
[Round "1"]
[White "orothain"]
[Black "christianfp"]
[Result "1-0"]
[WhiteElo "1798"]
[BlackElo "1428"]

1. e4 Nf6 2. Nc3 e5 3. f4 exf4 4. e5 Ng8 5. d4 g5 6. g3 Nh6 7. gxf4 Nf5 8. fxg5
d6 9. Bf4 Nc6 10. Nf3 Bd7 11. Bh3 Nb4 12. a3 Nc6 13. Qd3 Na5 14. Bxf5 c5 15.
Bxd7+ Qxd7 16. d5 Bg7 17. O-O-O c4 18. e6 cxd3 19. exd7+ Kxd7 20. Rxd3 Rhe8 21.
Nb5 Re4 22. Bg3 a6 23. Nxd6 Ke7 24. Nxe4 Nc4 25. c3 h6 26. d6+ Kd7 27. Bf4 Re8
28. Re1 f5 29. gxf6 Bf8 30. Nc5+ Kc6 31. Rxe8 Kxc5 32. Rxf8 h5 33. d7 b6 34.
d8=Q b5 35. Qc7# 1-0

[Event "AUTO-OPEN-513"]
[Site "http://www.queenalice.com/game.php?id=152726"]
[Date "2007.1.11"]
[Round "1"]
[White "christianfp"]
[Black "orothain"]
[Result "0-1"]
[WhiteElo "1465"]
[BlackElo "1781"]

1. Nf3 d5 2. e3 Nf6 3. Ne5 Nbd7 4. Nd3 e5 5. f4 Bd6 6. g3 O-O 7. h4 Ne4 8. Nc3
Nxg3 9. Rg1 exf4 10. Nxf4 Bxf4 11. exf4 Qxh4 12. Nxd5 Nxf1+ 13. Kxf1 c6 14. Nc7
Qxf4+ 15. Ke1 Qxc7 16. b3 Qe5+ 17. Kf2 Qxa1 18. c3 Qxa2 19. c4 b5 20. Qe2 Qxb3
21. d3 bxc4 22. dxc4 Ba6 23. Rg4 Nb6 24. Bb2 g6 25. Qe7 Qxb2+ 26. Kf3 Bxc4 27.
Rf4 Nd5 0-1

[Event "AUTO-OPEN-513"]
[Site "http://www.queenalice.com/game.php?id=152757"]
[Date "2007.1.11"]
[Round "1"]
[White "christianfp"]
[Black "Sean_Doherty"]
[Result "0-1"]
[WhiteElo "1428"]
[BlackElo "1903"]

1. Nf3 e6 2. c4 f5 3. d3 Nf6 4. e4 fxe4 5. dxe4 Nxe4 6. Qd4 Nf6 7. g4 Nc6 8. Qf4
Bd6 9. Qg5 Bb4+ 10. Bd2 Bxd2+ 11. Nbxd2 O-O 12. a4 Nb4 13. b3 Nc2+ 14. Kd1 Nxa1
15. Qe5 Nxb3 16. Nxb3 Nxg4 17. Qg5 Nxf2+ 18. Ke2 Qxg5 19. Nxg5 Nxh1 20. Bg2 Rf2+
21. Ke3 Rxg2 22. h3 Rxg5 0-1

[Event "AUTO-OPEN-513"]
[Site "http://www.queenalice.com/game.php?id=152758"]
[Date "2007.1.11"]
[Round "1"]
[White "Sean_Doherty"]
[Black "christianfp"]
[Result "1-0"]
[WhiteElo "1916"]
[BlackElo "1380"]

1. e4 c5 2. Nf3 d6 3. d4 b6 4. c3 a6 5. Be2 b5 6. dxc5 dxc5 7. Qxd8+ Kxd8 8. O-O
c4 9. Ng5 Be6 10. Nxe6+ fxe6 11. e5 g6 12. Bf3 Ra7 13. Rd1+ Rd7 14. Rxd7+ Nxd7
15. Bf4 Bh6 16. Bg3 Nc5 17. Na3 Bg5 18. Rd1+ Nd3 19. Be2 Nh6 20. Bxd3 cxd3 21.
f4 Bxf4 22. Rxd3+ Kc7 23. Bxf4 Ng4 24. h3 Rf8 25. Rf3 h5 26. hxg4 hxg4 27. Rf1
a5 28. Nxb5+ Kc6 29. a4 Kc5 30. Be3+ Kc4 31. Rxf8 Kd3 32. Bf4 Kc2 33. c4 1-0

[Event "Challenge"]
[Site "http://www.queenalice.com/game.php?id=152873"]
[Date "2007.1.11"]
[Round "-"]
[White "RenatoBruno"]
[Black "christianfp"]
[Result "0-1"]
[WhiteElo "988"]
[BlackElo "1469"]

1. g4 b6 2. Nf3 e6 3. e4 Qf6 4. b4 Qxa1 5. Na3 Qxa2 6. h4 Bxb4 7. Nb5 Kd8 8. c3
Be7 9. g5 f6 10. Rh3 Qa5 11. c4 c5 12. Nc3 Nc6 13. Qa4 Qxa4 14. Nxa4 Nd4 15. Ng1
fxg5 16. hxg5 Bxg5 17. Nf3 Nxf3+ 18. Rxf3 Nf6 19. Nc3 Bb7 20. Ke2 Nxe4 21. Nxe4
Bxe4 22. Ra3 h5 23. Bb2 Bf6 24. Bc3 h4 25. Bxf6+ gxf6 26. Bh3 a5 27. d3 Bf5 28.
Bg2 h3 29. Bh1 Rb8 30. Rb3 h2 31. Kf3 a4 32. Rb1 a3 33. Ke2 a2 34. Ra1 Ra8 35.
Bxa8 d5 36. Rxa2 h1=Q 37. cxd5 Qb1 38. Ra6 Qxd3+ 0-1

[Event "Challenge"]
[Site "http://www.queenalice.com/game.php?id=153317"]
[Date "2007.1.12"]
[Round "-"]
[White "casacudoman"]
[Black "christianfp"]
[Result "0-1"]
[WhiteElo "1288"]
[BlackElo "1442"]

1. d4 Nf6 2. g3 e6 3. c3 Ng4 4. f3 Nf6 5. Bg5 h5 6. e4 d5 7. e5 Rg8 8. Nh3 b6 9.
Bd3 c5 10. Bh7 Rh8 11. Qd3 Rxh7 12. exf6 gxf6 13. Qxh7 fxg5 14. a4 f5 15. Qg6+
Kd7 16. Nxg5 Qe8 17. Qf6 Qe7 18. Qg6 e5 19. Qxh5 exd4+ 20. Kd2 a5 21. Nh7 Bg7
22. Qh3 Qe5 23. Na3 dxc3+ 24. bxc3 d4 25. Rhe1 Qd5 26. g4 dxc3+ 27. Kc2 Kc7 28.
Red1 Qc4 29. Nxc4 fxg4 30. fxg4 Nc6 31. Qg3+ Kb7 32. Rab1 Nb4+ 33. Kb3 c2 34.
Nxb6 Be6+ 35. Ka3 Rd8 36. Re1 Rd3+ 37. Rb3 Bxb3 38. Re7+ Ka6 39. Qe1 Ba2+ 40.
Qc3 Rxc3+ 41. Kb2 c1=Q# 0-1

[Event "Let's Play Chess!"]
[Site "http://www.queenalice.com/game.php?id=153424"]
[Date "2007.1.13"]
[Round "-"]
[White "christianfp"]
[Black "Fidel_Vive"]
[Result "1-0"]
[WhiteElo "1100"]
[BlackElo "1062"]

1. e4 Nc6 2. d4 e5 3. d5 Nd4 4. Nf3 Nxf3+ 5. Qxf3 Nf6 6. g4 d6 7. Bh3 h5 8. g5
Nh7 9. Bxc8 Rxc8 10. Qxh5 c6 11. g6 f5 12. gxh7+ Ke7 13. Bg5+ Kd7 14. Bxd8 Kxd8
15. Rg1 fxe4 16. dxc6 Rxc6 17. Nc3 d5 18. Qxe5 Bd6 19. Qxg7 Rf8 20. Nxd5 Rxc2
21. Rg6 Bc5 22. f4 Rxh2 23. O-O-O e3 24. Re1 Kc8 25. Qc7# 1-0

[Event "Let's Play Chess!"]
[Site "http://www.queenalice.com/game.php?id=155812"]
[Date "2007.1.18"]
[Round "-"]
[White "Fidel_Vive"]
[Black "christianfp"]
[Result "0-1"]
[WhiteElo "1143"]
[BlackElo "1418"]

1. Nf3 h5 2. g3 d5 3. d4 Nc6 4. Nc3 Bf5 5. e3 Nb4 6. Bd3 Nxd3+ 7. cxd3 Bg4 8. h3
Bf5 9. O-O Bxh3 10. Qa4+ c6 11. e4 e6 12. Ne5 Bxf1 13. Kxf1 Qd6 14. b4 b5 15.
Qa5 Qd8 16. Nxc6 Qxa5 17. Nxa5 a6 18. a4 Bxb4 19. Rb1 Bxc3 20. Nb3 h4 21. Bd2
Bxd2 22. Nxd2 bxa4 23. f3 hxg3 24. Rb4 a3 25. Kg2 f5 26. Ra4 f4 27. exd5 exd5
28. Ra5 Nf6 29. Rxa3 O-O 30. Ra1 Rfe8 31. Rf1 Re3 32. Kh1 Rxd3 33. Rd1 Rxd4 34.
Kg1 a5 35. Kf1 a4 36. Ke2 a3 37. Ra1 g5 38. Nb3 Rb4 39. Rb1 a2 0-1

[Event "Challenge"]
[Site "http://www.queenalice.com/game.php?id=157850"]
[Date "2007.1.23"]
[Round "-"]
[White "ravague"]
[Black "christianfp"]
[Result "1-0"]
[WhiteElo "1786"]
[BlackElo "1483"]

1. e4 e5 2. Qh5 d6 3. Bc4 g6 4. Qf3 Qf6 5. Nc3 c6 6. Nge2 Qxf3 7. gxf3 b5 8. Bb3
b4 9. Na4 c5 10. Bd5 Bd7 11. Bxa8 Bxa4 12. b3 Bc6 13. Bxc6+ Nxc6 14. a3 f5 15.
O-O f4 16. axb4 Nxb4 17. c3 Nd3 18. Rxa7 Be7 19. Ba3 h5 20. Nc1 Nxc1 21. Rxc1 g5
22. c4 g4 23. b4 Nf6 24. bxc5 dxc5 25. Bxc5 Nd7 26. Ra8+ Bd8 27. Bd6 Rg8 28. Bc7
gxf3+ 29. Kh1 Ke7 30. Bxd8+ Rxd8 31. Rxd8 Kxd8 32. Rc3 Nc5 33. d3 h4 34. Kg1 h3
35. Kf1 Ke7 36. Ke1 Na4 37. Ra3 Nb2 38. Kd2 Nxd3 39. Kxd3 Kd6 40. Rc3 Kc5 41.
Rc2 Kb4 42. c5 Kb3 43. Rc4 Ka2 44. Rb4 Ka1 45. Kc2 Ka2 46. Ra4# 1-0

[Event "Challenge"]
[Site "http://www.queenalice.com/game.php?id=158358"]
[Date "2007.1.24"]
[Round "-"]
[White "christianfp"]
[Black "backnine"]
[Result "0-1"]
[WhiteElo "1426"]
[BlackElo "1476"]

1. c4 g6 2. Nf3 Bg7 3. d4 b6 4. Qb3 e6 5. Ne5 Nf6 6. d5 d6 7. Nd3 O-O 8. g3 exd5
9. cxd5 Bb7 10. Bg5 Bxd5 11. Qxd5 Nxd5 12. Bxd8 Rxd8 13. h4 a5 14. Bg2 c6 15. a4
Nb4 16. Nxb4 axb4 17. Ra2 b5 18. b3 bxa4 19. bxa4 Ra5 20. f4 b3 21. Ra3 b2 22.
e4 c5 23. O-O c4 24. f5 Nd7 25. fxg6 hxg6 26. Rd1 Nc5 27. Rd5 c3 28. Rxc3 Bxc3
29. Bf1 Nxa4 30. Rxa5 Bxa5 31. Bd3 Nc3 32. g4 d5 33. exd5 Rxd5 34. Bc2 Rd4 35.
h5 Rxg4+ 36. Kf2 Rh4 37. hxg6 Nxb1 38. Bxb1 Rh1 39. Be4 b1=Q 40. Bxb1 Rxb1 41.
gxf7+ Kxf7 42. Ke3 Bb6+ 43. Ke4 Ke6 44. Kf4 Rb4+ 45. Kg5 Kf7 46. Kf5 Rb5+ 47.
Ke4 Kf6 48. Kd3 Ke5 49. Kc4 Rd5 50. Kc3 Ke4 51. Kb3 Kd3 52. Kb2 Kd2 53. Kb3 Kd3
54. Kb2 Kd2 55. Kb3 Rd4 56. Ka3 Kc2 57. Ka2 Ra4# 0-1

[Event "Challenge"]
[Site "http://www.queenalice.com/game.php?id=158723"]
[Date "2007.1.25"]
[Round "-"]
[White "technicaldraw"]
[Black "christianfp"]
[Result "1-0"]
[WhiteElo "1836"]
[BlackElo "1469"]

1. e4 Nf6 2. e5 Nd5 3. d4 d6 4. Nf3 Bg4 5. Be2 c5 6. c4 Nb6 7. dxc5 dxc5 8.
Qxd8+ Kxd8 9. b3 g6 10. Bb2 Nc6 11. h3 Bf5 12. Nbd2 Nb4 13. O-O Bh6 14. g4 Bxd2
15. Nxd2 Be6 16. Ne4 Rc8 17. Rfd1+ Ke8 18. a3 Nc6 19. Nxc5 Na5 20. Nxe6 fxe6 21.
Rd3 g5 22. Rad1 1-0

[Event "Challenge"]
[Site "http://www.queenalice.com/game.php?id=159113"]
[Date "2007.1.25"]
[Round "-"]
[White "Chazam"]
[Black "christianfp"]
[Result "1-0"]
[WhiteElo "1426"]
[BlackElo "1457"]

1. d4 d5 2. Nc3 Be6 3. h3 Qd6 4. Nf3 f6 5. a3 c5 6. e3 g5 7. Nb5 Qb6 8. g3 a6 9.
Nc3 h5 10. Na4 Qc6 11. Nxc5 b5 12. Nxe6 Qxe6 13. Bg2 Nh6 14. Nd2 Nc6 15. g4 h4
16. Nb3 Bg7 17. Nc5 Qd6 18. e4 e6 19. Be3 Nf7 20. a4 b4 21. Qd3 e5 22. exd5 Nxd4
23. Bxd4 exd4 24. Qxd4 Rc8 25. Nxa6 Qxa6 26. Bf1 Qa8 27. Bd3 Ne5 28. Bb5+ Nd7
29. O-O O-O 30. Bxd7 Rc7 31. Be6+ Kh7 32. Qe4+ Kh6 33. Qf5 Rc5 34. Rfd1 Rd8 35.
Bf7 Rcxd5 36. Qg6# 1-0

[Event "Fala feio!!!!!!"]
[Site "http://www.queenalice.com/game.php?id=159163"]
[Date "2007.1.26"]
[Round "-"]
[White "Bruno_de_Paula"]
[Black "christianfp"]
[Result "1-0"]
[WhiteElo "1618"]
[BlackElo "1329"]

1. e4 d5 2. exd5 Qxd5 3. Nc3 Qd4 4. Nf3 Qd6 5. d4 c5 6. Bc4 cxd4 7. Qxd4 Qxd4 8.
Nxd4 a6 9. O-O e5 10. Re1 f6 11. Bd2 Nc6 12. Nxc6 bxc6 13. f4 Bd6 14. fxe5 fxe5
15. Bf4 h5 16. Bxe5 Bxe5 17. Rxe5+ Kd7 18. Rd1+ Kc7 19. Bxg8 Rxg8 20. Re7+ Kb8
21. Rf1 Ra7 22. Rxa7 Kxa7 23. Rf7+ Kb8 24. Ne4 Be6 25. Re7 Bxa2 26. Nc5 Rd8 27.
Nd7+ Ka7 28. Nf6+ Kb6 29. Nxh5 g6 30. Ng3 Bb1 31. Re2 Rd1+ 32. Nf1 Rc1 33. c3
Bd3 34. Rf2 a5 35. g3 Kb5 36. Kg2 a4 37. Ne3 g5 38. Rd2 Be4+ 39. Kf2 1-0

[Event "Challenge"]
[Site "http://www.queenalice.com/game.php?id=161420"]
[Date "2007.1.31"]
[Round "-"]
[White "pepeillo"]
[Black "christianfp"]
[Result "1-0"]
[WhiteElo "1441"]
[BlackElo "1403"]

1. e4 Nf6 2. Nc3 h5 3. Bc4 c6 4. d4 d5 5. exd5 cxd5 6. Bb5+ Nc6 7. h3 Bf5 8. Nf3
a6 9. Bxc6+ bxc6 10. O-O g6 11. Bf4 e6 12. Be5 Bb4 13. Qd2 Ne4 14. Qe3 c5 15.
Bxh8 Ke7 16. Nxe4 Bxe4 17. Qg5+ Kd7 18. Ne5+ Kd6 19. Nxf7+ Kd7 20. Nxd8 Rxd8 21.
Bf6 Rf8 22. a3 Ba5 23. b4 1-0

[Event "Entra ai CRIS"]
[Site "http://www.queenalice.com/game.php?id=165619"]
[Date "2007.2.8"]
[Round "-"]
[White "Fidel_Vive"]
[Black "christianfp"]
[Result "1-0"]
[WhiteElo "1296"]
[BlackElo "1359"]

1. e4 d5 2. Nc3 dxe4 3. d4 f5 4. Bc4 Nc6 5. Nge2 e6 6. O-O Bb4 7. a3 Bxc3 8.
Nxc3 Nxd4 9. a4 Nh6 10. Be3 c5 11. Nb5 e5 12. Qh5+ Kf8 13. Bxh6 gxh6 14. Qf7#
1-0